| 000 | 00497nam a2200145Ia 4500 | ||
|---|---|---|---|
| 008 | 191023s9999 xx 000 0 und d | ||
| 020 | _a9781111830823 | ||
| 100 | _aChase, Becky Tarver. | ||
| 245 |
_cBecky Tarver Chase, Robyn Brinks Lockwood.-- _aPathways : _blistening, speaking and critical thinking / |
||
| 260 |
_aUSA : _bNational Geographic Learning _c2013 |
||
| 300 | _axii, 131 pages. | ||
| 500 | _aTeacher's guide. | ||
| 650 | _aCritical Thinking | ||
| 650 | _aenglish language -- rhetoric | ||
| 999 |
_c362296 _d362296 |
||